हरिशंकर आदेश के काव्य में प्रेम और सौन्दर्य-चित्रण (Record no. 160391)
[ view plain ]
| 000 -LEADER | |
|---|---|
| fixed length control field | 00542nam a2200145Ia 4500 |
| 008 - FIXED-LENGTH DATA ELEMENTS--GENERAL INFORMATION | |
| fixed length control field | 230917s9999||||xx |||||||||||||| ||und|| |
| 040 ## - CATALOGING SOURCE | |
| -- | 200608 |
| Original cataloging agency | VIVEKANANDA LIBRARY |
| 041 ## - Language | |
| -- | English |
| 082 ## - DDC NUMBER | |
| Classification number | 891.43172109 AH22:PD |
| 100 ## - MAIN ENTRY--PERSONAL NAME | |
| Personal name | पुष्पा देवी |
| 245 #0 - TITLE STATEMENT | |
| Title | हरिशंकर आदेश के काव्य में प्रेम और सौन्दर्य-चित्रण |
| 260 ## - PUBLICATION, DISTRIBUTION, ETC. (IMPRINT) | |
| Place of publication, distribution, etc | नई दिल्ली |
| Name of publisher, distributor, etc | राधा पब्लिकेशन्स |
| Date of publication, distribution, etc | 2010 |
| 300 ## - PHYSICAL DESCRIPTION | |
| Pages | vii, 163 p. |
| 942 ## - ADDED ENTRY ELEMENTS (KOHA) | |
| Koha item type | Hindi Books |
| Withdrawn status | Lost status | Damaged status | Not for loan | Location (home branch) | Sublocation or collection (holding branch) | Date acquired | Koha issues (times borrowed) | Koha full call number | Accession No. | Koha date last seen | Koha item type |
|---|---|---|---|---|---|---|---|---|---|---|---|
| VIVEKANANDA LIBRARY | VIVEKANANDA LIBRARY | 13/07/2012 | 891.43172109 AH22:PD | 293947 | 17/09/2023 | Hindi Books | |||||
| VIVEKANANDA LIBRARY | VIVEKANANDA LIBRARY | 13/07/2012 | 891.43172109 AH22:PD | 293948 | 17/09/2023 | Hindi Books | |||||
| VIVEKANANDA LIBRARY | VIVEKANANDA LIBRARY | 13/07/2012 | 891.43172109 AH22:PD | 293949 | 17/09/2023 | Hindi Books | |||||
| VIVEKANANDA LIBRARY | VIVEKANANDA LIBRARY | 13/07/2012 | 891.43172109 AH22:PD | 293950 | 17/09/2023 | Hindi Books | |||||
| VIVEKANANDA LIBRARY | VIVEKANANDA LIBRARY | 13/07/2012 | 891.43172109 AH22:PD | 293951 | 17/09/2023 | Hindi Books |
